[Event "GER-chT Federal Cup (Women)"]
[Site "Braunfels"]
[Date "2025.06.20"]
[Round "2.7"]
[White "Trunz, Elena"]
[Black "Kuemmel, Tina"]
[Result "1-0"]
[WhiteElo "2104"]
[BlackElo "1752"]
[PlyCount "69"]
[EventDate "2025.06.19"]
[EventType "team-swiss"]
[EventRounds "5"]
[EventCountry "GER"]
[SourceTitle "CB26_2025"]
[SourceDate "2025.06.25"]
[SourceVersion "1"]
[SourceVersionDate "2025.06.25"]
[SourceQuality "1"]
[WhiteTeam "NRW (W)"]
[BlackTeam "Sachsen Anhalt (W)"]
[WhiteTeamCountry "GER"]
[BlackTeamCountry "GER"]

1. e4 e6 2. d4 d5 3. Nd2 dxe4 4. Nxe4 Nd7 5. Nf3 Ngf6 6. Nxf6+ Nxf6 7. Bd3 Be7 8. 0-0 0-0 9. Bg5 c5 10. dxc5 Bxc5 11. Qe2 Qe7 12. Ne5 Rd8 13. Ng4 Rd5 14. Nxf6+ gxf6 15. Bh4 Bd7 16. Qe4 Rh5 17. Qg4+ Rg5 18. Bxg5 fxg5 19. Qe4 f5 20. Qxb7 Rd8 21. Rad1 Qf6 22. Bxf5 Qxf5 23. Rxd7 Rf8 24. Qb3 Bxf2+ 25. Kh1 g4 26. Re7 Rf6 27. Re8+ Kf7 28. Qb8 Kg7 29. Re7+ Kh6 30. Qg8 Rg6 31. Rxh7+ Kg5 32. Qd8+ Rf6 33. Rg7+ Kh5 34. Qe8+ Kh4 35. Qh8+ 1-0